|
|
|
|
| LEADER |
01576nam a2200445 a 4500 |
| 001 |
nkc20112266342 |
| 003 |
CZ PrNK |
| 005 |
20181008074754.0 |
| 007 |
ta |
| 008 |
120111s2011 xr ab e 000 0 cze |
| 015 |
|
|
|a cnb002266342
|
| 020 |
|
|
|a 978-80-85116-85-4
|q (brož.)
|
| 035 |
|
|
|a (OCoLC)776514497
|
| 040 |
|
|
|a ABA001
|b cze
|
| 043 |
|
|
|a e-xr---
|b e-xr-vy
|2 czenas
|
| 072 |
|
7 |
|a 633
|x Rostlinná výroba
|2 Konspekt
|9 24
|
| 080 |
|
|
|a 633:620.9
|2 MRF
|
| 080 |
|
|
|a 631.559
|2 MRF
|
| 080 |
|
|
|a (437.324)
|2 MRF
|
| 080 |
|
|
|a (048.8)
|2 MRF
|
| 100 |
1 |
|
|a Vávrová, Kamila
|7 jx20120111012
|4 aut
|
| 245 |
1 |
0 |
|a Analýza potenciálu biomasy v Kraji Vysočina /
|c Kamila Vávrová, Petr Gallo
|
| 260 |
|
|
|a Průhonice :
|b Výzkumný ústav Silva Taroucy pro krajinu a okrasné zahradnictví,
|c 2011
|
| 300 |
|
|
|a 48 s. :
|b il. (některé barev.), mapy ;
|c 30 cm
|
| 500 |
|
|
|a 80 výt.
|
| 504 |
|
|
|a Obsahuje bibliografii
|
| 650 |
0 |
7 |
|a energetické rostliny
|7 ph119942
|z Česko
|2 czenas
|
| 650 |
0 |
7 |
|a výnosy sklizně
|7 ph127442
|z Česko
|2 czenas
|
| 650 |
0 |
9 |
|a energy crops
|z Czechia
|2 eczenas
|
| 650 |
0 |
9 |
|a harvest yield
|z Czechia
|2 eczenas
|
| 651 |
|
7 |
|a Kraj Vysočina (Česko : 2000-)
|7 ge138178
|2 czenas
|
| 651 |
|
9 |
|a Vysočina Region (Czechia)
|2 eczenas
|
| 655 |
|
7 |
|a studie
|7 fd133597
|2 czenas
|
| 655 |
|
9 |
|a studies
|2 eczenas
|
| 700 |
1 |
|
|a Gallo, Petr
|7 jx20120111003
|4 aut
|
| 910 |
2 |
|
|a BOA001
|b 4-1279.043
|
| 990 |
|
|
|a BK
|
| 995 |
|
|
|a 01
|
| 991 |
|
|
|b 201201
|c NOV
|e n
|
| 996 |
6 |
|
|b 2610498425
|c 4-1279.043
|l MZK
|r Sklad / do 1 hodiny
|n 1
|p p.v.
|w 001223390
|u 000010
|a 1
|e BOA001
|j MZK50
|s P
|